Selamatkan hutan kita

Bibliographic Details
Main Author: Muhammad Umar
Format: Book
Published: Kuala Lumpur : Jurus Prinsip , 2008
Series:Siri pendidkan alam sekitar
Subjects:

MARC

LEADER 00000cam a2200000 7i4500
001 0000073739
005 20170607.0
008 170607
020 |a 9789833969272 (set) 
020 |a 9789833969302 
090 0 0 |a PR   |b MAL 
100 1 |a Muhammad Umar 
245 1 0 |a Selamatkan hutan kita   |c Muhammad Umar 
260 |a Kuala Lumpur :   |b Jurus Prinsip ,   |c 2008 
300 |a 28pg. 
490 1 |a Siri pendidkan alam sekitar 
500 |a Children ages 7-9 years old (orange) 
650 0 |a Children's stories,Malay 
999 |a 0001055127   |b Book   |c Children Collection   |e Cawangan Tangkak